01301nam a2200325 a 4500001001200000003000800012006001900020007001500039008004100054010001700095020002500112020002700137040002100164035002100185050002700206082001900233100002000252245010200272260005300374300002400427504006600451533015200517650004300669650002600712650002400738650004100762655002900803710001700832856012600849ebr10671572CaPaEBRm o u cr cn|||||||||120409s2012 enka sb 001 0 eng d z 2012008582 z9781848213913 (hbk.) z9781118614228 (e-book) aCaPaEBRcCaPaEBR a(OCoLC)83930546214aTK454.4.E5bS34 2012eb04a537.01/5152231 aSaguet, Pierre.10aNumerical analysis in electromagneticsh[electronic resource] :bthe TLM method /cPierre Saguet. aLondon :bISTE ;aHoboken, N.J. :bWiley,c2012. axii, 172 p. :bill. aIncludes bibliographical references (p. [161]-169) and index. aElectronic reproduction.bPalo Alto, Calif. :cebrary,d2015.nAvailable via World Wide Web.nAccess may be limited to ebrary affiliated libraries. 0aElectromagnetismxMathematical models. 0aTime-domain analysis. 0aNumerical analysis. 0aElectrical engineeringxMathematics. 7aElectronic books.2local2 aebrary, Inc.40uhttp://site.ebrary.com/lib/rucke/Doc?id=10671572zAn electronic book accessible through the World Wide Web; click to view